000 00473nam a2200181Ia 4500
005 20231012092616.0
008 131103s9999 xx 000 0 und d
040 _aLoreto College
041 _aEnglish
082 _a741.5
_bCHA
100 _aCharles, Addams
245 _aHomebodies
_cAddams Charles
260 _aNew York
_bPocket Books
_c1965
300 _a128p.
_b black and white picture
650 _aDrawing and decorative art
850 _aLCLIB
942 _cBK
999 _c22806
_d73285